MARC

LEADER 00000nam0a2200000 4500
001 367782
005 20231102012022.0
035 |a (RuTPU)RU\TPU\retro\25145 
090 |a 367782 
100 |a 20220322d1980 km y0rusy50 ca 
101 0 |a rus 
102 |a RU 
105 |a a z 001zy 
200 1 |a Вариации ионосферы во время магнитосферных возмущений  |f Академия наук СССР, Институт земного магнетизма, ионосферы и распространения радиоволн ; отв. ред. Л. Н. Ляхова 
210 |a Москва  |c Наука  |d 1980 
215 |a 132 с.  |c ил. 
320 |a Библиогр. в конце ст. 
606 1 |a Магнитосфера  |x (геофизика)  |2 stltpush  |3 (RuTPU)RU\TPU\subj\40883  |9 60713 
606 1 |a Магнитосфера  |x (геофизика)  |2 stltpush  |3 (RuTPU)RU\TPU\subj\40883  |9 60713 
606 1 |a Ионосфера  |2 stltpush  |3 (RuTPU)RU\TPU\subj\13099  |9 39768 
610 1 |a магнитосферные возмущения 
610 1 |a вариации 
610 1 |a моделирование 
610 1 |a электрические поля 
610 1 |a эффекты 
610 1 |a гравитационные волны 
610 1 |a нейтринный состав 
610 1 |a прогнозирование 
675 |a 550.38  |v 4 
675 |a 551.510..535  |v 4 
702 1 |a Ляхова  |b Л. Н.  |4 340 
712 0 2 |a Академия наук СССР  |b Институт земного магнетизма, ионосферы и распространения радиоволн  |c (Москва)  |c (1959-1991)  |2 stltpush  |3 (RuTPU)RU\TPU\col\12157  |9 25343 
801 1 |a RU  |b 63413507  |c 20220322 
942 |c BK